कविता का अर्थात् / (Record no. 12981)
[ view plain ]
| 000 -LEADER | |
|---|---|
| fixed length control field | 01839 a2200277 4500 |
| 005 - DATE AND TIME OF LATEST TRANSACTION | |
| control field | 20081117100635.0 |
| 008 - FIXED-LENGTH DATA ELEMENTS--GENERAL INFORMATION | |
| fixed length control field | 081117t xxu||||| |||| 00| 0 hin d |
| 010 ## - LCCN (DPL NO) | |
| LC control number | B-307378-380 |
| 020 ## - INTERNATIONAL STANDARD BOOK NUMBER | |
| International Standard Book Number | 8176750042 |
| Terms of availability | 250.00 |
| 035 ## - SYSTEM CONTROL NUMBER | |
| System control number | B-307378-380 |
| 037 ## - SOURCE OF ACQUISITION | |
| Source of stock number/acquisition | वाणी प्रका. |
| 040 ## - CATALOGING SOURCE | |
| Original cataloging agency | dpl |
| Language of cataloging | hn |
| 082 ## - DEWEY DECIMAL CLASSIFICATION NUMBER | |
| Classification number | 821.08 |
| 100 ## - MAIN ENTRY--PERSONAL NAME | |
| Personal name | श्रीवास्तव, परमानंद |
| 245 ## - TITLE STATEMENT | |
| Title | कविता का अर्थात् / |
| Statement of responsibility, etc | परमानंद श्रीवास्तव |
| 260 ## - PUBLICATION, DISTRIBUTION, ETC. (IMPRINT) | |
| Place of publication, distribution, etc | पंचकूला |
| Name of publisher, distributor, etc | आधार प्रकाशन |
| Date of publication, distribution, etc | 1999 |
| 260 ## - PUBLICATION, DISTRIBUTION, ETC. (IMPRINT) | |
| Place of publication, distribution, etc | दिल्ली |
| Name of publisher, distributor, etc | वाणी प्रकाशन (वितरक) |
| 270 ## - ADDRESS | |
| Address | एस.सी.एफ. 267, सेक्टर-16 |
| City | पंचकूला |
| State or province | (हरियाणा) |
| Postal code | 134113 |
| 270 ## - ADDRESS | |
| Address | 21-ए, दरियागंज |
| City | दिल्ली |
| 300 ## - PHYSICAL DESCRIPTION | |
| Extent | 276पृ |
| Dimensions | 22 सेमी (सजिल्द) |
| 942 ## - ADDED ENTRY ELEMENTS (KOHA) | |
| Institution code [OBSOLETE] | dpl |
| Item type | Hindi Books |
| Source of classification or shelving scheme | Dewey Decimal Classification |
| Call number suffix | श्रीवास्त |
| Classification part | 821.08 |
| Withdrawn status | Lost status | Source of classification or shelving scheme | Damaged status | Not for loan | Collection code | Home library | Current library | Date acquired | Source of acquisition | Cost, normal purchase price | Total Checkouts | Full call number | Barcode | Date last seen | Copy number | Cost, replacement price | Koha item type | Total Renewals |
|---|---|---|---|---|---|---|---|---|---|---|---|---|---|---|---|---|---|---|
| Dewey Decimal Classification | Fiction | Karol Bagh | Karol Bagh | 17/11/2008 | vani prakashan /221/ | 250.00 | 821.08 श्रीवास्त | B-307379 | 17/11/2008 | 1 | 250.00 | Hindi Books | ||||||
| Dewey Decimal Classification | Fiction | Patel Nagar | Patel Nagar | 17/11/2008 | vani prakashan /221/ | 250.00 | 821.08 श्रीवास्त | B-307378 | 17/11/2008 | 1 | 250.00 | Hindi Books | ||||||
| Dewey Decimal Classification | Fiction | Shahdara Branch | Shahdara Branch | 17/11/2008 | vani prakashan /221/ | 250.00 | 2 | 821.08 श्रीवास्त | B-307380 | 02/04/2024 | 1 | 250.00 | Hindi Books | 1 |
